Husband of a fanatic : (Record no. 233010)

000 -LEADER
fixed length control field 01341cam a22003374a 4500
001 - CONTROL NUMBER
control field 13613659
003 - CONTROL NUMBER IDENTIFIER
control field Nust
005 - DATE AND TIME OF LATEST TRANSACTION
control field 20170227155858.0
008 - FIXED-LENGTH DATA ELEMENTS--GENERAL INFORMATION
fixed length control field 040604s2005 nyu b 001 0deng
010 ## - LIBRARY OF CONGRESS CONTROL NUMBER
LC control number 2004054444
020 ## - INTERNATIONAL STANDARD BOOK NUMBER
International Standard Book Number 9780143031895
040 ## - CATALOGING SOURCE
Original cataloging agency DLC
Transcribing agency DLC
Modifying agency DLC
042 ## - AUTHENTICATION CODE
Authentication code pcc
043 ## - GEOGRAPHIC AREA CODE
Geographic area code a-ii---
-- a-pk---
050 00 - LIBRARY OF CONGRESS CALL NUMBER
Classification number DS422.C64
Item number K855 2005
082 00 - DEWEY DECIMAL CLASSIFICATION NUMBER
Classification number 305.6095409049
Author Mark KUM
100 1# - MAIN ENTRY--PERSONAL NAME
Personal name Kumar, Amitava,
Dates associated with a name 1963-
245 10 - TITLE STATEMENT
Title Husband of a fanatic :
Remainder of title a personal journey through India, Pakistan, love and hate /
Statement of responsibility, etc. Amitava Kumar.
260 ## - PUBLICATION, DISTRIBUTION, ETC.
Place of publication, distribution, etc. New York :
Name of publisher, distributor, etc. The New Press,
Date of publication, distribution, etc. 2005.
300 ## - PHYSICAL DESCRIPTION
Extent xii, 328 p. ;
Dimensions 22 cm.
504 ## - BIBLIOGRAPHY, ETC. NOTE
Bibliography, etc. note Includes bibliographical references (p. [297]-301) and index.
600 10 - SUBJECT ADDED ENTRY--PERSONAL NAME
Personal name Kumar, Amitava,
Dates associated with a name 1963-
General subdivision Travel
Geographic subdivision India.
600 10 - SUBJECT ADDED ENTRY--PERSONAL NAME
Personal name Kumar, Amitava,
Dates associated with a name 1963-
General subdivision Travel
Geographic subdivision Pakistan.
650 #0 - SUBJECT ADDED ENTRY--TOPICAL TERM
Topical term or geographic name entry element Communalism
Geographic subdivision India.
650 #0 - SUBJECT ADDED ENTRY--TOPICAL TERM
Topical term or geographic name entry element Hindus.
650 #0 - SUBJECT ADDED ENTRY--TOPICAL TERM
Topical term or geographic name entry element Muslims.
650 #0 - SUBJECT ADDED ENTRY--TOPICAL TERM
Topical term or geographic name entry element East Indians
Geographic subdivision Foreign countries.
651 #0 - SUBJECT ADDED ENTRY--GEOGRAPHIC NAME
Geographic name India
General subdivision Description and travel.
651 #0 - SUBJECT ADDED ENTRY--GEOGRAPHIC NAME
Geographic name Pakistan
General subdivision Description and travel.
906 ## - LOCAL DATA ELEMENT F, LDF (RLIN)
a 7
b cbc
c orignew
d 1
e ocip
f 20
g y-gencatlg
942 ## - ADDED ENTRY ELEMENTS (KOHA)
Source of classification or shelving scheme
Koha item type Book
Holdings
Withdrawn status Lost status Source of classification or shelving scheme Damaged status Not for loan Collection code Permanent Location Current Location Shelving location Date acquired Total Checkouts Full call number Barcode Date last seen Copy number Price effective from Koha item type
            Central Library (CL) Central Library (CL) Book Cart 02/27/2017   305.6095409049 KUM CL381 02/27/2017 1 02/27/2017 Book
© 2023 Central Library, National University of Sciences and Technology. All Rights Reserved.